Atletico Madrid Scorers in 2010s Champions League - Statistics

General Stats
  • This quiz has been taken 377 times
  • The average score is 16 of 26
Answer Stats
Player Nation Gls % Correct
Antoine Griezmann France 21
99%
Koke Spain 5
96%
Diego Godín Uruguay 4
93%
Arda Turan Turkey 5
92%
Saúl Ñíguez Spain 9
89%
Yannick Carrasco Belgium 3
89%
Diego Costa Spain 9
85%
José María Giménez Uruguay 2
81%
Mario Mandžukić Croatia 5
79%
Fernando Torres Spain 2
78%
Óliver Torres Spain 1
77%
Filipe Luís Brazil 1
76%
Thomas Partey Ghana 1
72%
Ángel Correa Argentina 1
69%
Miranda Brazil 2
55%
Sergio Agüero Argentina 2
54%
Kévin Gameiro France 3
52%
Mario Suárez Spain 1
52%
Jackson Martínez Colombia 1
43%
Raúl García Spain 6
35%
Alessio Cerci Italy 1
32%
Diego Brazil 1
26%
Adrián López Spain 2
19%
Simão Portugal 1
19%
Luciano Vietto Argentina 1
18%
Léo Baptistão Brazil 1
5%
No matching quizzes found
Score Distribution
Percent of People with Each Score
Percentile by Number Answered
Your Score History
You have not taken this quiz